Corporate hostages : (Record no. 24349)

MARC details
000 -LEADER
fixed length control field 00945nam a22001937a 4500
020 ## - INTERNATIONAL STANDARD BOOK NUMBER
ISBN 9789370035256
041 ## - LANGUAGE CODE
Language code of text/sound track or separate title English
082 ## - DEWEY DECIMAL CLASSIFICATION NUMBER
Classification number 658.3
Item number RAJ
100 ## - MAIN ENTRY--AUTHOR NAME
Author name Raj Mohan, N.
245 ## - TITLE STATEMENT
Title Corporate hostages :
Sub Title roads to captivity, paths to liberation/
Statement of responsibility, etc N. Raj Mohan
260 ## - PUBLICATION, DISTRIBUTION, ETC. (IMPRINT)
Place of publication New Delhi :
Name of publisher Rupa Pulications India,
Year of publication 2025.
300 ## - PHYSICAL DESCRIPTION
Number of Pages xvi, 182 p. ;
Other physical details 18 cm.
504 ## - BIBLIOGRAPHY, ETC. NOTE
Bibliography, etc Include bibliographical references.
505 ## - FORMATTED CONTENTS NOTE
Formatted contents note Part I. Consumeration -- 1. Blaming iton the globe -- 2. Complexities/Dynamics of Globalization in Indian Context --Part II. Hostages -- 3. Who are Corporate Hostages? -- 4. types og Hostage Syndromes --Part III. Concerns and Conudrums -- 5.Quick Fixes and Shortcuts -- 6. The Myth of Impermanence -- 7.Calamitous Disruption -- Part IIII. Liberation -- 8.Liberating the Mind --9. Paths of Liberation.
650 ## - SUBJECT ADDED ENTRY--TOPICAL TERM
Subject Employees Psychology
650 ## - SUBJECT ADDED ENTRY--TOPICAL TERM
Subject Work Environment
942 ## - ADDED ENTRY ELEMENTS (KOHA)
Source of classification or shelving scheme Dewey Decimal Classification
Koha item type Books
Holdings
Withdrawn status Lost status Source of classification or shelving scheme Damaged status Not for loan Home library Current library Shelving location Date acquired Source of acquisition Cost, normal purchase price Bill Date Full call number Accession Number Price effective from Koha item type
    Dewey Decimal Classification     Institute of Public Enterprise, Library Institute of Public Enterprise, Library S Campus 05/19/2026 Feel Books Pvt.Ltd. 295.00 20/04/2026 658.3 RAJ 51062 05/19/2026 Books

Maintained and Designed by
2cqr automation private limited, Chennai. All Rights Reserved.

You are Visitor Number

PHP Hits Count